[Event "TUR-chT 1st League"]
[Site "Konya"]
[Date "2019.07.25"]
[Round "5.8"]
[White "Ozcan, Selim"]
[Black "Kocak, Can"]
[Result "0-1"]
[WhiteElo "1726"]
[BlackElo "2068"]
[PlyCount "96"]
[EventDate "2019.07.22"]
[EventType "team-swiss"]
[EventRounds "9"]
[EventCountry "TUR"]
[SourceTitle "CBM 191 Extra"]
[Source "ChessBase"]
[SourceDate "2019.09.30"]
[SourceVersion "1"]
[SourceVersionDate "2019.09.30"]
[SourceQuality "1"]
[WhiteTeam "Kahramanmaras CC"]
[BlackTeam "Aydin Egitim Merkezi"]
[WhiteTeamCountry "TUR"]
[BlackTeamCountry "TUR"]

1. d4 d6 2. Bf4 g6 3. Nf3 Bg7 4. e3 Nd7 5. h3 e5 6. Bh2 Nh6 7. Be2 0-0 8. 0-0 c6 9. c4 Qe7 10. Nc3 f5 11. Rc1 Nf7 12. b4 e4 13. Nd2 g5 14. b5 Nf6 15. Nb3 g4 16. hxg4 fxg4 17. Na5 c5 18. dxc5 dxc5 19. Nd5 Nxd5 20. cxd5 Rd8 21. Nc4 Qg5 22. d6 Be6 23. Na5 Rd7 24. Bc4 Bxc4 25. Rxc4 Re8 26. Qc2 Re6 27. Rxc5 Be5 28. Bf4 Qg6 29. Bxe5 Nxe5 30. Rxe5 Rxe5 31. Qc8+ Qe8 32. Qc4+ Qe6 33. Qc8+ Qe8 34. Qc4+ Qf7 35. Qd4 Qd5 36. a4 Qxd4 37. exd4 Rd5 38. Rd1 R5xd6 39. d5 Rxd5 40. Rxd5 Rxd5 41. Nxb7 Rd1+ 42. Kh2 Ra1 43. a5 Ra3 44. a6 g3+ 45. fxg3 e3 46. Nd6 e2 47. Nc4 Ra1 48. b6 axb6 0-1

[Event "TUR-chT2"]
[Site "Konya"]
[Date "2017.07.11"]
[Round "4.3"]
[White "Demirbas, Emre"]
[Black "Ozcan, Selim"]
[Result "0-1"]
[WhiteElo "1955"]
[BlackElo "1692"]
[PlyCount "92"]
[EventDate "2017.07.09"]
[EventType "team-swiss"]
[EventRounds "9"]
[EventCountry "TUR"]
[SourceTitle "CBM 179 Extra"]
[Source "ChessBase"]
[SourceDate "2017.08.23"]
[SourceVersion "1"]
[SourceVersionDate "2017.08.23"]
[SourceQuality "1"]
[WhiteTeam "Karaman Yunus Emre"]
[BlackTeam "Genclik Siirt"]
[WhiteTeamCountry "TUR"]
[BlackTeamCountry "TUR"]

1. Nf3 Nf6 2. c4 g6 3. b3 Bg7 4. Bb2 0-0 5. g3 d6 6. Bg2 e5 7. d3 Nc6 8. Nbd2 h6 9. a3 a5 10. 0-0 Be6 11. Qc2 Qd7 12. d4 exd4 13. Nxd4 Bh3 14. Nxc6 Bxg2 15. Kxg2 Qxc6+ 16. Kg1 Rfe8 17. Rfe1 Ne4 18. Bxg7 Kxg7 19. Nxe4 Qxe4 20. Qc3+ Qe5 21. Qf3 Qe4 22. Qc3+ Qe5 23. Qd2 b6 24. Rad1 h5 25. e4 h4 26. Qe2 hxg3 27. hxg3 f5 28. Rd5 Qf6 29. Qd3 fxe4 30. Rxe4 Qa1+ 31. Kg2 Rh8 32. Rh4 Rxh4 33. gxh4 Qf6 34. h5 gxh5 35. Qg3+ Kf7 36. Rg5 Qxg5 37. Qxg5 Rg8 38. Qxg8+ Kxg8 39. Kg3 Kg7 40. Kf4 Kf6 41. b4 axb4 42. axb4 c6 43. Ke4 h4 44. Kf4 d5 45. b5 cxb5 46. cxd5 b4 0-1

[Event "TUR-chT2"]
[Site "Konya"]
[Date "2017.07.09"]
[Round "1.8"]
[White "Ozcan, Selim"]
[Black "Nesanir, Ozgur"]
[Result "1-0"]
[WhiteElo "1692"]
[BlackElo "1630"]
[PlyCount "57"]
[EventDate "2017.07.09"]
[EventType "team-swiss"]
[EventRounds "9"]
[EventCountry "TUR"]
[SourceTitle "CBM 179 Extra"]
[Source "ChessBase"]
[SourceDate "2017.08.23"]
[SourceVersion "1"]
[SourceVersionDate "2017.08.23"]
[SourceQuality "1"]
[WhiteTeam "Genclik Siirt"]
[BlackTeam "Genclik VE"]
[WhiteTeamCountry "TUR"]
[BlackTeamCountry "TUR"]

1. d4 e6 2. Bf4 c5 3. e3 h6 4. c3 a6 5. Nd2 d5 6. Ngf3 Nc6 7. Bd3 Nf6 8. Ne5 Bd6 9. Bg3 Qc7 10. f4 Nd7 11. 0-0 f6 12. Qh5+ Kd8 13. Nf7+ Ke7 14. Nxh8 Nd8 15. Ng6+ Kf7 16. Ne5+ Kg8 17. Nxd7 Bxd7 18. Qg6 Nf7 19. Bh4 Kf8 20. Rf3 Qd8 21. Qh7 g5 22. Bg3 g4 23. Rff1 f5 24. Bh4 Be7 25. Bxe7+ Qxe7 26. h3 Qh4 27. hxg4 fxg4 28. Bg6 Qf6 29. Bxf7 1-0

[Event "Manavgat Turkey Cup"]
[Site "Manavgat"]
[Date "2016.02.04"]
[Round "8"]
[White "Ozcan, Selim"]
[Black "Demir, Baran"]
[Result "0-1"]
[WhiteElo "1530"]
[BlackElo "1812"]
[PlyCount "153"]
[EventDate "2016.01.30"]
[EventType "swiss"]
[EventRounds "11"]
[EventCountry "TUR"]
[SourceTitle "CBM 170 Extra"]
[Source "ChessBase"]
[SourceDate "2016.02.25"]
[SourceVersion "1"]
[SourceVersionDate "2016.02.25"]
[SourceQuality "1"]

1. d4 Nf6 2. c4 c5 3. d5 Ne4 4. Qd3 Qa5+ 5. Bd2 Nxd2 6. Qxd2 Qc7 7. Nc3 a6 8. e4 g6 9. Nf3 d6 10. g3 Bg7 11. Bg2 Bd7 12. 0-0 b5 13. Qd3 b4 14. Nd1 0-0 15. Rb1 f5 16. Ne3 f4 17. Nc2 Bg4 18. h3 Bxf3 19. Bxf3 Nd7 20. b3 Ne5 21. Qe2 Qd7 22. g4 a5 23. Ne1 a4 24. Nd3 Nxd3 25. Qxd3 axb3 26. axb3 Ra2 27. Rfc1 Bd4 28. Rc2 Rfa8 29. Re1 R8a3 30. Rxa2 Rxa2 31. Re2 Ra1+ 32. Kg2 Qa7 33. Rd2 Qa3 34. Qc2 Rc1 35. Qa2 Qxa2 36. Rxa2 Rc3 37. Bd1 Rd3 38. Bc2 Rd2 39. Bb1 Rd1 40. Bc2 Re1 41. Bd3 Kg7 42. Re2 Rc1 43. Ra2 Kf6 44. Bc2 Ke5 45. Kf3 h5 46. Kg2 hxg4 47. hxg4 g5 48. Kf3 Ba1 49. Ke2 Kd4 50. Kd2 Rg1 51. Ra7 f3 52. Bd1 Kxe4 53. Rxa1 Rxg4 54. Ra7 Rg2 55. Rxe7+ Kd4 56. Bxf3 Rxf2+ 57. Be2 Rg2 58. Re6 Rg3 59. Bd1 Rd3+ 60. Ke2 Rh3 61. Rxd6 Rh2+ 62. Kf3 Rd2 63. Be2 g4+ 64. Kxg4 Rxe2 65. Kf5 Re3 66. Re6 Rf3+ 67. Kg6 Rxb3 68. Kf7 Kxc4 69. d6 Rd3 70. Ke7 b3 71. Kd7 b2 72. Re1 Kc3 73. Kc6 c4 74. d7 Kb3 75. Kc7 c3 76. d8Q Rxd8 77. Kxd8 0-1

[Event "Manavgat Turkey Cup"]
[Site "Manavgat"]
[Date "2016.02.03"]
[Round "7"]
[White "Aydin, Muhammed Bugrahan"]
[Black "Ozcan, Selim"]
[Result "0-1"]
[WhiteElo "1449"]
[BlackElo "1530"]
[PlyCount "72"]
[EventDate "2016.01.30"]
[EventType "swiss"]
[EventRounds "11"]
[EventCountry "TUR"]
[SourceTitle "CBM 170 Extra"]
[Source "ChessBase"]
[SourceDate "2016.02.25"]
[SourceVersion "1"]
[SourceVersionDate "2016.02.25"]
[SourceQuality "1"]

1. e4 c5 2. Nf3 d6 3. d4 cxd4 4. Nxd4 Nf6 5. Nc3 g6 6. Bc4 Bg7 7. Be3 0-0 8. f3 Nc6 9. Qd2 Bd7 10. Nxc6 Bxc6 11. 0-0-0 Rc8 12. Bb3 Qa5 13. Nd5 Qxd2+ 14. Rxd2 Bxd5 15. Bxd5 Nxd5 16. Rxd5 Rc6 17. Rhd1 Rfc8 18. R1d2 a6 19. Bf4 Rc5 20. e5 Rc4 21. Bg3 Bh6 22. f4 dxe5 23. Rxe5 Bxf4 24. Bxf4 Rxf4 25. Rxe7 Rf1+ 26. Rd1 Rf2 27. c3 Rxg2 28. Rdd7 Rf8 29. Rxb7 Rxh2 30. Ra7 h5 31. Rxa6 h4 32. Re4 Kg7 33. c4 h3 34. c5 Rg2 35. Rh4 h2 36. Rd6 Rh8 0-1